000 00310nam a22001337a 4500
008 170920b xxu||||| |||| 00| 0 eng d
020 _a9780136184553
041 _aeng
080 _a7
100 _a45
101 _aART
245 _aART AND LIFE IN RENAISSANCE VENICE
_cBROWN.P.F
942 _2udc
_cBK
999 _c28467
_d28467